000 00427nam a22001457a 4500
008 190913b ||||| |||| 00| 0 eng d
020 _a978-972-618-969-5
080 _a614
100 _aVIEIRA, J. M. P.
245 _aAgua e saude publica
_cJose Manuel Pereira Vieira
260 _aLisboa
_bSilabo
_c2018
300 _a459p
_b
_c
_e
_f
_g
650 _aEngenharia sanitaria
_xSaude publica, Agua, Tratmento
942 _2udc
_cBK
999 _c44617
_d44616